000
00262nam a2200121Ia 4500
100
_a
Energy Research Group
942
_c
RB
654
_a
reliance
245
_a
Reliance review of energy market
260
_b
Reliance
_c
2002
300
_a
390
546
_a
ENGLISH
999
_c
30906
_d
30906